[Event "36th Zalakaros Festival 2017"]
[Site "Zalakaros"]
[Date "2017.05.21"]
[Round "4"]
[White "Nisipeanu, Liviu-Dieter"]
[Black "Mikhalevski, Victor"]
[Result "1/2-1/2"]
[WhiteElo "2686"]
[BlackElo "2520"]
[Annotator "TA"]
[PlyCount "92"]
[EventDate "2017.??.??"]
[EventType "swiss"]
[EventCountry "HUN"]
[SourceTitle "playchess.com"]
[Source "ChessBase"]
[SourceQuality "1"]

{[%evp 16,92,35,0,6,-18,30,0,9,2,0,0,-15,-11,-19,-9,0,2,14,0,14,0,0,0,0,0,0,0,24,21,93,37,39,39,22,20,23,22,29,28,66,30,29,9,23,16,20,28,26,19,36,19,41,48,66,64,77,35,29,30,30,33,31,45,45,42,50,20,20,19,18,18,18,7,8,8,10,0,0]} 1. e4 e5 2. Nf3 Nc6 3. Bc4 Bc5 4. d3 Nf6 5. O-O d6 6. c3 a6 7. a4 {C54: Giuoco Piano: 4 c3 Nf6, main lines with 5 d4 and 5 d3} (7. Re1 Ba7 8. a4 h6 9. Be3 Bxe3 10. Rxe3 O-O 11. Nbd2 Re8 12. d4 exd4 13. cxd4 Bg4 14. Qb3 Qd7 {0-1 (69) Kramnik,V (2811)-Mamedyarov,S (2772) Shamkir 2017}) 7... Ba7 8. Na3 {[%cal Bb1a3,Ba3c2,Bc2e3][%mdl 32]} O-O 9. h3 {LiveBook: 4 Games. White is slightly better.} Ne7 10. Nc2 $146 ({Predecessor:} 10. Bg5 Ng6 11. Nh4 Nxh4 12. Bxh4 h6 13. Nc2 g5 14. Bg3 Be6 15. Ba2 Qd7 16. Ne3 Kg7 17. Qf3 h5 {½-½ (17) Kalinitschew,S (2394)-Von Herman,U (2341) Kreuzberg 2016}) 10... a5 11. Be3 Ng6 12. Bxa7 Rxa7 13. Ne3 c6 14. Bb3 Re8 15. Bc2 h6 16. Re1 Ra8 17. d4 $36 {[%mdl 2048] Black is under pressure.} Qc7 18. Nh2 Bd7 19. Nhg4 Bxg4 20. hxg4 exd4 21. Qxd4 Re5 22. Rad1 Rae8 (22... Rd8 $11 {keeps the balance.}) 23. Qxd6 (23. Nc4 $16) 23... Qxd6 $14 24. Rxd6 {f3 is the strong threat.} Nxe4 25. Rd4 {[#] And now f4! would win.} Nf6 26. Red1 Kf8 27. Kf1 Rc5 28. Bxg6 fxg6 29. Rd8 Ke7 (29... h5 {looks sharper.} 30. gxh5 gxh5 31. R8d4 g5 32. Nc4 Ng4) 30. Rxe8+ Kxe8 $11 {[%mdl 4096] Endgame KRN-KRN} 31. Rd4 b5 32. Ke2 Nd7 33. axb5 cxb5 34. Rd6 g5 35. Kd3 Rc7 36. Rd5 Nc5+ 37. Kd4 Nb3+ 38. Ke5 b4 39. cxb4 axb4 40. Rb5 Nc1 41. Rb8+ Kf7 {The position is equal.} 42. Rd8 Re7+ 43. Kd4 Rc7 44. g3 Ke6 45. Ke4 Nb3 46. Rb8 Rd7 {Precision: White = 52%, Black = 61%.} 1/2-1/2

[Event "36th Zalakaros Festival 2017"]
[Site "Zalakaros"]
[Date "2017.05.21"]
[Round "4"]
[White "Kovalenko, Igor"]
[Black "Kollars, Dmitrij"]
[Result "1/2-1/2"]
[WhiteElo "2657"]
[BlackElo "2503"]
[Annotator "TA"]
[PlyCount "221"]
[EventDate "2017.??.??"]
[EventType "swiss"]
[EventCountry "HUN"]
[SourceTitle "playchess.com"]
[Source "ChessBase"]
[SourceQuality "1"]

{[%evp 19,221,7,6,0,0,0,0,-12,0,0,16,-6,0,-22,-20,-22,0,0,36,-8,0,0,27,18,24,24,14,28,21,25,36,29,35,21,19,13,30,0,6,0,25,25,29,15,29,5,7,6,26,0,0,0,0,0,0,0,0,0,0,0,0,0,0,0,0,0,0,0,0,0,0,0,0,0,0,0,0,0,0,0,0,0,0,0,0,0,0,0,0,0,0,0,0,0,0,0,0,0,0,0,0,0,0,0,0,0,0,0,0,0,0,0,0,0,0,0,0,0,0,0,0,0,0,0,0,0,0,0,0,0,0,-1,-5,-2,0,0,0,0,0,0,0,0,0,0,0,0,0,0,0,0,0,0,0,0,0,0,0,0,0,0,0,0,0,0,0,0,0,0,0,0,0,0,0,0,0,0,0,0,0,0,0,0,0,0,0,0,0,0,0,0,0,0,0,0,0,0,0,0,0,0,0,0,0,0]} 1. e4 e5 2. Nf3 Nc6 3. Bb5 {[%cal Bf1b5,Bb5a4,Ba4b3][%mdl 32]} a6 4. Ba4 Nf6 5. O-O Be7 6. d3 b5 7. Bb3 d6 8. a3 {C84: Closed Ruy Lopez: Unusual White 6th moves} Na5 9. Ba2 c5 10. Nc3 Be6 {LiveBook: 25 Games} 11. Bxe6 fxe6 12. Ne2 O-O 13. Ng3 Nc6 14. c3 {[#]} Qe8 $146 ({Predecessor:} 14... Qd7 15. Qe2 Rad8 {½-½ (42) Topalov,V (2816)-Svidler,P (2727) Baku 2015}) 15. a4 b4 16. Bd2 Rb8 17. Re1 bxc3 18. bxc3 Nh5 19. Qc2 Nf4 20. Reb1 Qf7 {[#] Hoping for ...Nxg2!} 21. Rxb8 Rxb8 22. Rb1 Rxb1+ 23. Qxb1 Bd8 24. Be3 g5 25. Nd2 Qc7 26. Qb3 Na5 27. Qa2 {next Bxf4 is good for White.} Kf7 28. Bxf4 exf4 29. Ne2 Qb7 30. g3 fxg3 31. hxg3 Bf6 32. d4 cxd4 33. cxd4 d5 34. e5 Be7 {The position is equal.} 35. Qc2 Kg7 36. g4 Qc6 37. Qd1 Qb6 38. Kg2 Qb2 39. Nf3 Nc4 40. Kf1 Qa3 41. Nfg1 Qb3 (41... Qa2 {keeps more tension.} 42. Kg2 Na3 43. Ng3 Qc2 44. Nh5+ Kg6) 42. Qxb3 Nd2+ 43. Ke1 Nxb3 $11 {[%mdl 4096] Endgame KBN-KNN} 44. Kd1 Na5 45. Kc2 Nc6 46. Kd3 Kg6 47. Ng3 Kf7 48. Nf3 Nb4+ 49. Kc3 Nc6 50. Nh5 Kg6 51. Kd3 Nb4+ 52. Kd2 Nc6 53. Kc3 Bd8 54. Kd3 Nb4+ 55. Ke3 Nc6 56. Nd2 Bb6 57. Nf3 Bd8 58. Ng3 Kf7 59. Kd3 Nb4+ 60. Kd2 Nc6 61. Ke3 Kg6 62. Nh5 Kf7 63. Kd3 Nb4+ 64. Kc3 Nc6 65. Ng1 Ba5+ 66. Kd3 Nb4+ 67. Kd2 Nc6+ 68. Kd3 Nb4+ 69. Ke2 Nc6 70. Nf3 Bd8 71. Ng3 Kg6 72. Kd2 Bb6 73. Kc3 Ba5+ 74. Kd3 Nb4+ 75. Ke3 Bb6 76. Nh5 $1 Bd8 77. Nd2 Nc2+ 78. Kd3 Nb4+ 79. Kc3 Nc6 {White must now prevent ...Ba5+.} 80. Nb3 Be7 81. Kd3 Kf7 82. Ke3 Kg6 83. f3 Kf7 84. Ng3 Bb4 85. Ne2 Na5 86. Nxa5 Bxa5 {KB-KN} 87. Nc1 Bb4 88. Nd3 Be7 89. Kd2 a5 90. Ke3 Ba3 91. Kf2 Be7 92. Nc1 Ba3 93. Nb3 Bb4 94. Ke3 Ke7 95. Nc1 Ba3 96. Nb3 Bb4 97. Kd3 Kf7 98. Kc2 Kg6 99. Nc1 Ba3 100. Na2 h5 101. gxh5+ Kxh5 {[#] ...Kh4 is the strong threat.} 102. Nc3 g4 103. fxg4+ Kxg4 104. Nb5 Bb4 105. Kd3 Kf5 106. Nc7 Be7 107. Ke3 Bg5+ 108. Kf3 Bd8 109. Ne8 {Strongly threatening Ng7+.} Kg6 110. Nd6 Bb6 111. Nb5 {Precision: White = 83%, Black = 79%.} 1/2-1/2

[Event "36th Zalakaros Festival 2017"]
[Site "Zalakaros"]
[Date "2017.05.21"]
[Round "4"]
[White "Nabaty, Tamir"]
[Black "Van Foreest, Lucas"]
[Result "1-0"]
[WhiteElo "2640"]
[BlackElo "2489"]
[Annotator "TA"]
[PlyCount "69"]
[EventDate "2017.??.??"]
[EventType "swiss"]
[EventCountry "HUN"]
[SourceTitle "playchess.com"]
[Source "ChessBase"]
[SourceQuality "1"]

{[%evp 18,68,30,40,77,77,77,79,73,77,64,68,156,168,174,152,164,168,178,172,161,0,101,-89,-99,-87,-81,-82,-98,-114,0,-14,-16,-43,-43,-38,-33,-182,-188,-196,-210,-339,-345,-304,-190,-262,-273,-286,32,32,17,44,29999]} 1. d4 Nf6 2. c4 e6 3. Nc3 Bb4 4. Qc2 b6 5. e4 c5 6. d5 {E32: Nimzo-Indian: Classical (4 Qc2): 4...0-0} Qe7 7. Be2 (7. Nge2 exd5 8. exd5 d6 9. Bd2 O-O 10. O-O-O Ng4 11. Re1 Nxf2 12. Rg1 Nd7 13. Nd4 Qxe1+ 14. Bxe1 cxd4 {0-1 (42) Bocharov,D (2611)-Tomashevsky,E (2724) Novosibirsk 2016}) 7... exd5 8. exd5 O-O 9. Nf3 d6 10. Be3 {LiveBook: 5 Games} Ba6 $146 ({Predecessor:} 10... b5 11. O-O bxc4 12. Bxc4 Bg4 13. Rae1 Bxf3 {½-½ (21) Nihal,S (2424)-Urkedal,F (2552) Fagernes 2017}) 11. O-O Bxc3 12. Qxc3 Ng4 13. Rfe1 Nxe3 14. Bd3 {[#]} Nxd5 $1 {[#]} 15. Bxh7+ $1 $16 {[%mdl 512]} (15. cxd5 Qd8) 15... Kxh7 16. Qd3+ Kg8 17. Rxe7 Nxe7 18. Ng5 {[%csl Gg5][%cal Rd3h7]} Ng6 19. Qh3 $2 ({Only move:} 19. h4 $1 $18 {[%cal Rh4h5]} Nc6 20. h5) 19... Rc8 (19... Rd8 $1 $11) 20. Qf5 $2 (20. Rd1 $16) 20... Rc7 $17 21. h4 Nc6 22. h5 Nf8 {Hoping for ...Nd4.} 23. h6 Bxc4 ({Better is} 23... gxh6 $17 {Threatens to win with ...Bc8.} 24. Ne4 Nh7 25. Qg4+ Kh8 26. Nxd6 Rg8) 24. hxg7 $11 Kxg7 {...Nd4 is the strong threat.} 25. Ne4 Nh7 {And now ...Be6 would win.} 26. Nxd6 Be6 27. Qf4 {[#]} (27. Qf3 $15) 27... Rd7 $1 $19 28. Re1 {[#]} Rad8 $1 29. Nf5+ (29. Ne4 $142) 29... Bxf5 30. Qxf5 Nd4 31. Qe5+ (31. Qg4+ {was necessary.} Kf8 32. Qh5) 31... f6 32. Qh5 Kh8 $2 ({Black should try} 32... f5 $19 {White must now prevent ...Nf6.} 33. Qh2 Nf6) 33. Re8+ $14 {[%mdl 1024] White has compensation.} Kg7 {aiming for ...f5.} 34. Qg4+ Kf7 $2 {[%mdl 8192]} (34... Kh6 $14) 35. Qg8# $1 {Precision: White = 54%, Black = 28%.} 1-0

[Event "36th Zalakaros Festival 2017"]
[Site "Zalakaros"]
[Date "2017.05.21"]
[Round "4"]
[White "Banusz, Tamas"]
[Black "Puranik, Abhimanyu"]
[Result "1/2-1/2"]
[WhiteElo "2616"]
[BlackElo "2459"]
[Annotator "TA"]
[PlyCount "90"]
[EventDate "2017.??.??"]
[EventType "swiss"]
[EventCountry "HUN"]
[SourceTitle "playchess.com"]
[Source "ChessBase"]
[SourceQuality "1"]

{[%evp 22,90,26,0,42,43,48,49,45,41,105,101,126,112,133,140,227,226,224,233,211,210,302,239,225,226,227,177,164,146,141,139,135,118,152,136,271,75,65,81,90,79,72,21,70,49,43,35,28,27,85,41,87,94,245,100,112,103,125,0,0,0,0,0,0,0,0,0,0,0,0]} 1. Nf3 Nf6 2. d4 g6 3. Bf4 Bg7 4. e3 O-O 5. c3 d6 6. h3 b6 7. a4 a6 8. Be2 Bb7 9. O-O c5 10. Nbd2 Nbd7 11. Bh2 Rc8 12. Bd3 {LiveBook: 7 Games. A48: 1 d4 Nf6 2 Nf3 g6: Torre, London and Colle Systems} (12. Qb3 Qc7 13. Rfe1 Rfe8 14. Bc4 Rf8 15. Ng5 e6 16. Bxe6 fxe6 17. Nxe6 Qc6 18. e4 c4 19. Qa3 Rfe8 20. d5 Nxd5 21. Nxg7 Kxg7 22. exd5 Qxd5 {0-1 (29) Dlugy,M (2518)-Handke,F (2531) Berlin 2015}) 12... e5 13. dxe5 Nxe5 14. Nxe5 {White is slightly better.} dxe5 15. Qe2 Qd6 $146 (15... Rc7 $14 16. Rfd1 Rd7) ({Predecessor:} 15... Rc7 16. Nc4 Qd5 17. f3 Nd7 18. e4 Qe6 19. Ne3 Bh6 {½-½ (40) Nguyen Thi Mai,H (2224)-Steffens,O (2250) Budapest 2010}) 16. Rfd1 $16 Qc6 {[%csl Gb7][%cal Rc6g2]} 17. e4 Bh6 18. Nc4 Bf4 {[#]} (18... Nd7 $16 19. Bxe5 (19. Nxe5 Nxe5 20. Bxe5 c4 $16) 19... Nxe5) 19. g3 $1 $18 {[%cal Rg3f4]} (19. Nxe5 $6 Bxh2+ 20. Kxh2 Qc7 $16) 19... Bh6 {[%cal Rf6e4]} 20. Nxe5 Qe6 21. g4 Bg7 (21... Rce8 $142 22. f3 Bg7) 22. f3 (22. Bxa6 Bxa6 23. Qxa6 Nxe4 $14) 22... Rce8 23. Nc4 (23. Bxa6 $6 Bxa6 24. Qxa6 Nxe4) 23... Rd8 24. Bc2 h5 25. Rd6 Rxd6 26. Nxd6 Bc6 27. Nc4 ({But not} 27. Qxa6 $6 hxg4 28. fxg4 (28. hxg4 Nxg4 29. fxg4 Qxg4+ 30. Kf2 Qh3 $11) 28... Nxg4 $11) 27... hxg4 28. hxg4 Rd8 (28... b5 $16 {was necessary.}) 29. Rd1 $2 (29. Nxb6 $18 {Bc7 is the strong threat.} Nh7 30. Bc7 (30. Qxa6 Ng5 $17)) 29... Rxd1+ $16 30. Bxd1 Nd7 31. Bc2 b5 32. Na5 ({White should play} 32. axb5 $16 axb5 33. Na5) 32... c4 33. Nxc6 Qxc6 34. a5 b4 35. cxb4 {Black should prevent e5.} Qb5 (35... Bxb2 $11 {keeps the balance.} 36. Qd1 Nf8) 36. Qd2 Bxb2 37. Kg2 Bf6 $2 (37... Nf8 $16 {was called for.}) 38. Bd6 (38. Qd5 $18) 38... c3 39. Qd3 Qg5 {[#]} 40. b5 (40. Bg3 $1 $16 Qc1 41. e5 Nxe5 42. Qxc3) 40... axb5 $11 {The position is equal.} 41. Bb3 Ne5 $36 {[%mdl 2048] White is under pressure.} 42. Qd5 {Hoping for Bxe5.} (42. Qe2 $5 {[%cal Ra5a6]} Bd8 43. a6 $11) 42... Qe3 {( -> ...Qe2+)} 43. Bxe5 Qe2+ 44. Kg3 (44. Kh3 $5 {[%cal Rd5f7]} Qf1+ 45. Kh2 (45. Kg3 Qg1+ 46. Kf4 Qc1+ 47. Kg3 Qg1+ 48. Kh3 Qf1+ 49. Kh2 Qf2+ 50. Kh3 Qf1+ $11) 45... Qf2+ 46. Kh3 Qf1+ 47. Kh2 (47. Kg3 Qg1+ 48. Kh3 Qf1+ $11) 47... Qf2+ 48. Kh3 Qf1+ $11) 44... Qe1+ $1 45. Kg2 Qe2+ {Precision: White = 45%, Black = 44%.} 1/2-1/2

[Event "36th Zalakaros Festival 2017"]
[Site "Zalakaros"]
[Date "2017.05.21"]
[Round "4"]
[White "Zubov, Alexander"]
[Black "Nagy, Gabor"]
[Result "1/2-1/2"]
[WhiteElo "2604"]
[BlackElo "2446"]
[Annotator "TA"]
[PlyCount "41"]
[EventDate "2017.??.??"]
[EventType "swiss"]
[EventCountry "HUN"]
[SourceTitle "playchess.com"]
[Source "ChessBase"]
[SourceQuality "1"]

{[%evp 18,41,38,35,52,52,67,59,70,34,99,75,112,66,120,120,167,171,154,173,135,32,51,37,43,0]} 1. d4 Nf6 2. Nf3 c5 3. d5 e6 4. c4 d6 5. Nc3 exd5 6. cxd5 g6 7. Nd2 Bg7 8. Nc4 O-O 9. Bf4 Ne8 10. Qd2 f5 {A61: Modern Benoni: Nf3 without early e4} (10... b6 11. e3 Ba6 12. a4 Bxc4 13. Bxc4 Nd7 14. O-O Be5 15. Bxe5 Nxe5 16. Ba6 Nc7 17. Be2 a6 18. f4 Nd7 {1-0 (45) Akopian,V (2698)-Bacrot,E (2709) Ohrid 2009}) 11. h4 $146 ({Predecessor:} 11. Nb5 a6 12. Nbxd6 b5 13. Nxe8 Rxe8 14. Nd6 Rf8 15. Nxc8 Qxc8 16. e3 Qd8 17. Be2 Qf6 18. Rb1 {1-0 (73) Lengyel,F (2272)-Sallai,J (2078) Hungary 2009}) 11... Bf6 12. g3 b6 13. a4 Ba6 ({Better is} 13... Qe7 $14) 14. Nb5 $16 Nd7 15. Bg2 ({Much weaker is} 15. Nbxd6 Nxd6 16. Nxd6 Ne5 $11) 15... Ne5 (15... Bxb5 $14 16. axb5 Qe7) 16. Bxe5 $1 Bxe5 17. Nxe5 dxe5 18. d6 {aiming for Qd5+.} e4 {[#]} 19. Rd1 (19. O-O-O $1 $16) 19... Bxb5 $14 20. axb5 {Strongly threatening h5.} Nf6 21. b4 {Precision: White = 38%, Black = 25%.} 1/2-1/2

[Event "36th Zalakaros Festival 2017"]
[Site "Zalakaros"]
[Date "2017.05.21"]
[Round "4"]
[White "Prohaszka, Peter"]
[Black "Munkhgal, Gombosuren"]
[Result "1/2-1/2"]
[WhiteElo "2596"]
[BlackElo "2445"]
[Annotator "TA"]
[PlyCount "120"]
[EventDate "2017.??.??"]
[EventType "swiss"]
[EventCountry "HUN"]
[SourceTitle "playchess.com"]
[Source "ChessBase"]
[SourceQuality "1"]

{[%evp 15,120,15,25,16,6,16,15,19,14,3,3,-43,27,26,50,52,47,43,41,38,76,68,85,73,70,72,70,97,70,81,94,92,101,107,86,99,88,75,97,0,0,40,36,2,1,-23,-8,-132,-74,-179,-192,-259,-270,-273,-237,-282,-289,-289,-226,-245,-166,-170,-164,-157,-76,-145,-5,-10,0,-13,0,0,0,-2,0,0,0,0,0,0,0,0,0,0,0,0,0,0,0,0,0,0,0,0,0,0,0,0,0,0,0,0,0,0,0,0,0]} 1. Nf3 Nf6 2. g3 e6 3. Bg2 d5 4. O-O Be7 5. c4 O-O 6. d4 dxc4 7. Qc2 a6 8. a4 Bd7 9. Bg5 {E05: Open Catalan: 5 Nf3 Be7} (9. Qxc4 Bc6 10. Bf4 a5 11. Nc3 Nbd7 12. Qd3 Bb4 13. Rfe1 Re8 14. Qc2 Bxf3 15. Bxf3 c6 16. Red1 Qe7 17. Na2 Bd6 18. Bxd6 Qxd6 {1-0 (65) So,W (2822)-Kramnik,V (2811) Shamkir 2017}) 9... Bc6 10. Rd1 b5 11. Bxf6 Bxf6 12. Nc3 Qe8 13. e4 b4 (13... g6 $15) 14. Nb1 $11 b3 $146 ({Predecessor:} 14... Qc8 15. Nbd2 Qb7 16. Qxc4 Rd8 {½-½ (29) Andriasian,Z (2600)-Manukyan,S (2296) Yerevan 2015}) 15. Qe2 Bxa4 {Black wants to play ...Bb5.} 16. Qxc4 Bb5 17. Qxb3 c5 18. Nc3 c4 19. Qc2 Nc6 20. e5 $1 {[%cal Re5f6]} Be7 21. Qe4 $1 Rc8 22. d5 exd5 23. Nxd5 ({Inferior is} 23. Qxd5 Nb4 $15) 23... Nb4 24. Nxb4 Bxb4 25. Ng5 {[%csl Gg5][%cal Re4h7]} g6 26. Qh4 {[%csl Gg5][%cal Rh4h7]} h5 27. g4 (27. Qf4 $16) 27... Qxe5 $14 {Threatens to win with ...Be7.} 28. gxh5 Qh8 $1 {[%cal Rh8h5]} 29. Ne4 {Nf6+ is the strong threat.} Rc6 $1 $132 {[%mdl 2048] Black is fighting back} 30. Kh1 Re6 ({Not} 30... Qxb2 31. Rab1 $16) 31. h6 (31. Ng3 $11 {remains equal.}) 31... Qe5 (31... Qxb2 $142 32. Rab1 Qc2 33. Nf6+ Kh8) 32. Ng5 {[#]} (32. f4 $17 Qxb2 33. Rab1) 32... Be7 $1 $19 {[%cal Re7g5]} 33. h7+ (33. f4 {is a better defense.} Qxb2 34. Rdb1) 33... Kh8 34. f4 Bxg5 35. fxg5 Qxb2 36. Rac1 Qg7 37. Bd5 Rd6 38. Bxc4 Bc6+ 39. Kg1 {[#]} Qb2 (39... Qe5 $142 $1 {[%cal Re5e3]} 40. Re1 Qc5+ 41. Qf2 Qxg5+ 42. Qg3 Qc5+ 43. Qe3 Qxe3+ 44. Rxe3 a5) 40. Qf2 ({Better is} 40. Bf1) 40... Rxd1+ (40... Qe5 $17 41. Bf1 Rxd1 42. Rxd1 Qxg5+ 43. Qg3 Qc5+ 44. Qf2 Qg5+ 45. Qg3 Qxg3+ 46. hxg3 Bb5) 41. Rxd1 $11 {The position is equal.} Qxf2+ 42. Kxf2 Bb5 43. Bxb5 axb5 {[%mdl 4096] Endgame KR-KR} 44. Rd7 Rb8 45. Rxf7 b4 {[%cal Bb5b4,Bb4b3][%mdl 32]} 46. Ke3 b3 {White must now prevent ...b2.} 47. Rf1 Rb5 48. Rb1 Kxh7 49. Kd4 b2 50. Kc4 Rxg5 {And now ...Rg2 would win.} 51. Rxb2 Kh6 52. Kd4 Kh5 53. Ke3 Kh4 54. Rb8 Kh3 55. Rh8+ Rh5 56. Rxh5+ gxh5 57. Kf3 Kxh2 58. Kf2 h4 59. Kf1 h3 (59... Kg3 $5) 60. Kf2 Kh1 {Precision: White = 55%, Black = 59%.} 1/2-1/2

[Event "36th Zalakaros Festival 2017"]
[Site "Zalakaros"]
[Date "2017.05.21"]
[Round "4"]
[White "Svane, Rasmus"]
[Black "Manea, Alexandru"]
[Result "1-0"]
[WhiteElo "2573"]
[BlackElo "2410"]
[Annotator "TA"]
[PlyCount "87"]
[EventDate "2017.??.??"]
[EventType "swiss"]
[EventCountry "HUN"]
[SourceTitle "playchess.com"]
[Source "ChessBase"]
[SourceQuality "1"]

{[%evp 13,87,33,34,34,46,38,41,29,39,44,35,25,48,33,43,20,31,14,16,0,3,1,7,-4,-3,-10,0,-7,10,9,12,15,79,85,81,78,70,12,12,10,6,0,107,107,118,109,109,109,125,118,136,123,120,114,126,129,129,118,138,140,176,169,178,178,178,178,178,178,177,178,240,228,214,208,542,529]} 1. d4 Nf6 2. Nf3 d5 3. c4 c6 4. e3 a6 5. Nbd2 g6 (5... Bf5 6. Nh4 Bg4 7. Qc2 e6 8. h3 Bh5 9. g4 Bg6 10. Nxg6 hxg6 11. Bg2 Nbd7 12. O-O g5 13. e4 dxe4 14. Nxe4 Nxe4 15. Qxe4 {1-0 (43) Brunello,S (2562)-Movsesian,S (2666) Reykjavik 2015}) 6. b4 {D11: Slav Defence: 3 Nf3 sidelines and 3...Nf6 4 e3 Bg4} Bg7 7. Bb2 O-O {LiveBook: 3 Games} 8. Be2 {White is slightly better.} Bg4 9. O-O Nbd7 10. a4 Re8 11. h3 Bxf3 12. Nxf3 Ne4 13. Qb3 $146 e6 14. Rfc1 Nd6 15. cxd5 cxd5 16. b5 axb5 17. Bxb5 Qb6 18. Ba3 {And now Bc5 would win.} (18. Ne5 {is more complex.} Nf6 19. Ba3 Nxb5 20. Bc5 Qa6 21. Qxb5 Ne4 22. Qxa6 Rxa6 23. Bb4) 18... Nxb5 19. Qxb5 Qxb5 20. axb5 Rec8 21. Rxc8+ Rxc8 22. Bd6 {Black must now prevent Ra7.} Nb6 {[#]} (22... Nf6 $11) 23. Ra7 $1 $16 {[%cal Ra7b7]} Nc4 24. Bf4 b6 25. Bc7 (25. g4 $14) 25... Bf8 $11 26. Ne5 Na3 27. Bxb6 Nxb5 (27... Bd6 $11 {remains equal.}) 28. Rxf7 $16 Nd6 29. Rc7 Rxc7 30. Bxc7 {[%mdl 4096] Endgame KBN-KBN} Nf7 31. Nd3 Bd6 32. Ba5 Kg7 33. f3 {[%cal Bf2f3,Bf3e4][%mdl 32]} Kf6 34. Kf2 Ke7 35. e4 dxe4 36. fxe4 e5 37. d5 Kf6 38. Ke3 Ke7 39. Bb6 Kf6 40. Nb2 h5 41. Nc4 Bf8 (41... Ke7 $142 42. Ba5 Bc5+ 43. Kd3 Bf2 44. Bb4+ Kd7) 42. Kd3 $18 Bb4 43. Bc7 Be1 $2 {[#]} (43... Bc5 44. Ba5 Bf8) 44. Nd6 {Precision: White = 59%, Black = 47%.} 1-0

[Event "36th Zalakaros Festival 2017"]
[Site "Zalakaros"]
[Date "2017.05.21"]
[Round "4"]
[White "Aleksandrov, Aleksej"]
[Black "Havasi, Gergo"]
[Result "0-1"]
[WhiteElo "2559"]
[BlackElo "2402"]
[Annotator "TA"]
[PlyCount "86"]
[EventDate "2017.??.??"]
[EventType "swiss"]
[EventCountry "HUN"]
[SourceTitle "playchess.com"]
[Source "ChessBase"]
[SourceQuality "1"]

{[%evp 19,86,37,35,47,59,35,72,37,51,58,61,35,37,31,45,43,45,18,55,54,57,24,27,31,58,22,19,0,0,0,0,0,-14,0,0,0,0,0,0,-43,-46,-38,-18,-64,-18,-43,-29,-40,-36,-428,-418,-631,-622,-866,-851,-779,-721,-676,-586,-554,-573,-587,-596,-705,-677,-866,-861,-1235,-1215]} 1. d4 d5 2. c4 c6 3. Nf3 Nf6 4. e3 Bf5 5. Nc3 e6 6. Nh4 Be4 7. f3 Bg6 8. Qb3 Qc7 9. Bd2 {D12: Slav Defence: 3 Nf3 Nf6 4 e3 Bf5} Nbd7 (9... a6 10. Rc1 dxc4 11. Bxc4 Nbd7 12. a4 Be7 13. g3 Bh5 14. O-O O-O 15. Ng2 Rad8 16. Nf4 Kh8 {½-½ (34) So,W (2822)-Caruana,F (2817) chess.com INT 2017}) 10. g3 Nb6 {LiveBook: 3 Games} 11. cxd5 {White is slightly better.} exd5 12. Be2 $146 ({Predecessor:} 12. O-O-O a5 13. Nxg6 hxg6 14. e4 dxe4 15. fxe4 a4 16. Qc2 a3 {1-0 (38) Karpov,A (2616)-Sebag,M (2521) Cap d'Agde 2012}) 12... Be7 13. O-O Qd7 14. Rad1 O-O 15. Bc1 c5 16. dxc5 Bxc5 17. Rfe1 a5 18. Bb5 Qc7 19. Nxg6 hxg6 20. a3 Rfd8 21. Kg2 Be7 22. Re2 g5 23. Rc2 Qe5 24. Be2 Qe6 25. Nb5 {[#] Black must now prevent Nd4.} a4 $1 {[%cal Ra4b3]} 26. Qd3 {Strongly threatening Nc7.} Rac8 27. Nd4 Qd7 28. Rxc8 Rxc8 29. Bd2 Nc4 30. Bc3 Bf8 31. Re1 Re8 32. Bd1 g4 33. Nc2 Qc6 34. fxg4 $2 {[%mdl 8192] [#]} (34. Qf5 $15) 34... d4+ $1 $19 35. Kg1 (35. Bf3 $142 Qxf3+ 36. Kxf3 Ne5+ 37. Ke2 Nxd3 38. Kxd3 dxc3 39. g5) 35... dxc3 {Black is clearly winning.} 36. Qxc3 Ne4 37. Qd4 Ng5 38. h4 Ne6 {[%cal Bg5e6,Be6c5,Bc5e4][%mdl 32]} 39. Qc3 b5 40. Rf1 Qc7 41. Kg2 Nc5 42. Rf3 Ne4 43. Qd4 Ncd2 {Precision: White = 37%, Black = 81%.} 0-1

[Event "36th Zalakaros Festival 2017"]
[Site "Zalakaros"]
[Date "2017.05.21"]
[Round "4"]
[White "Danin, Alexandre"]
[Black "Chernyshov, Konstantin"]
[Result "1/2-1/2"]
[WhiteElo "2543"]
[BlackElo "2485"]
[Annotator "TA"]
[PlyCount "67"]
[EventDate "2017.??.??"]
[EventType "swiss"]
[EventCountry "HUN"]
[SourceTitle "playchess.com"]
[Source "ChessBase"]
[SourceQuality "1"]

{[%evp 9,67,11,35,16,16,24,19,22,22,0,42,0,0,0,11,14,39,44,61,55,85,74,70,68,62,22,39,28,25,18,17,0,0,0,24,26,47,9,43,44,43,43,36,22,29,22,27,29,25,23,33,25,45,27,42,27,27,19,27,19]} 1. e4 e6 2. d4 d5 3. exd5 exd5 4. Nf3 Nf6 5. Bd3 Bg4 {LiveBook: 133 Games} 6. Qe2+ {C01: French: Exchange Variation} (6. O-O Be7 7. c3 O-O 8. Re1 c5 9. dxc5 Bxc5 10. Be3 Bxe3 11. Rxe3 Nc6 12. Nbd2 d4 13. cxd4 Nxd4 14. Qa4 Nf5 15. Bxf5 Bxf5 {½-½ (42) Areshchenko,A (2709)-Kaidanov,G (2574) Tromsoe 2013}) 6... Be7 7. h3 Bxf3 $146 ({Predecessor:} 7... Bh5 8. Bf4 O-O 9. g4 Bg6 10. Bxg6 hxg6 11. Nc3 Nbd7 12. O-O-O c6 {0-1 (36) Schaefer,M (1954)-Heika,M (2365) Schwaebisch Gmuend 2006}) 8. Qxf3 {The position is equal.} O-O 9. Be3 Re8 (9... c5 $5) 10. Nd2 c5 11. O-O c4 12. Be2 {[%cal Bd3e2,Be2d1,Bd1c2][%mdl 32]} Nc6 13. c3 Qc7 14. Bd1 Qb6 15. Rb1 Qa6 16. a3 Nd8 17. Bg5 {Bxf6 is the strong threat.} Qc6 $1 18. Bc2 Ne6 19. Bxf6 Bxf6 20. Qf5 Nf8 $1 21. Rfe1 Re6 (21... g6 {seems wilder.} 22. Qf4 Bg7 23. h4 Re6 24. Nf3 Rae8) 22. Nf1 Rae8 23. Re3 h6 24. Rxe6 Qxe6 25. Ne3 Rd8 26. Re1 Qxf5 27. Bxf5 h5 28. g3 g6 29. Bc2 Ne6 30. h4 Rd6 31. Bd1 Nc7 32. Bf3 b5 33. Kf1 Kf8 34. Re2 {Precision: White = 39%, Black = 49%.} 1/2-1/2